000 00310nam a22001217a 4500
008 180605b xxu||||| |||| 00| 0 eng d
041 _aeng
080 _a043.3
100 _a0
101 _aSHKI-BTH
245 _aAutomated Software Testing using HP Quick Test Proffesional-QTP
_cMenxhiqi,K
942 _2udc
_cBK
999 _c46303
_d46303